000 00935nam a2200313Ia 4500
003 OSt
005 20221006160455.0
006 a|||||r|||| 00| 0
007 ta
008 221006b |||||||| |||| 00| 0 eng d
020 _a9788962971460
_c
_32.64
024 _a45,267
037 _bGift, KCC (Window on Korea)
_cTextual
040 _aEASL
_cEASL
_beng
041 _2eng
_aeng
082 _aY:1.495, Q3
100 _aYoung Hoon Kim
_9673766
245 0 _aFrom Dolmen tombs to Heaven's gate
260 _aGyeonggi
_bJimoondang Korea
_c2013
300 _a167p.
_ccm.
490 _v KEL
650 _a KEL
650 _a Korea - Changdeokgung Palace
650 _a Korea - Historic areas of gyeongju
_9673767
650 _a Korea - Hunminjeongum
_9673768
650 _aKorea - Jongmyo Shrine
942 _hY:1.495, Q3
_cTEXL
_2CC
999 _c1113359
_d1113359